00523nam a2200157 a 4500008004100000020001500041050001300056110001500069245012200084260004000206300001500246350000900261650004600270650001000316650003900326071018s1998 ||||||||||||||||| || u a082134207X aIBRD(02) aWorld Bank10aImplementing the Ethiopian National policy for women: institutional and regulatory issuescThe Women's Affairs Office aWashington, D. C.bWorld Bankc1998 aviii, 82p. a0.00 aWOMEN--LEGAL STATUS, LAWS, ETC.--ETHIOPIA aWOMEN aWOMEN--GOVERNMENT POLICY--ETHIOPIA